000 00579cas a22002055a 4500
001 L122704
008 030624c2011 xxktr p 0 a0eng u
035 _a(Sirsi) u122704
041 0 _aeng
110 2 _aNational House Building Council
245 0 0 _aNHBC's Technical Newsletter
_bStandards Extra
260 _aAmersham
_bNHBC Technical
_c[199?]-2011
362 0 _aApril 2002-(42) Sep. 2008
520 _aKept for five years
554 _aThree per year
651 4 _aEngland and Wales
_y1543-
690 _aBUILT ENVIRONMENT
785 0 0 _tTechnical Extra
942 _n0
999 _c118772
_d118772